Random Knowledge Quiz #44 - Statistics

General Stats
  • This quiz has been taken 206 times
  • The average score is 9 of 15
Answer Stats
Question Answer % Correct
In the TV show Friends, how many times has Ross been married by end of season 10? 3
95%
Name one of the four presidents on Mount Rushmore George Washington, Abraham Lincoln, Thomas Jefferson, or Theodore Roosevelt
94%
What is sodium chloride more commonly known as? Salt
89%
What is a number called when it can only be divided by itself and one? Prime number
81%
What is an Olympic gold medal mostly composed of? Silver
76%
What is the closest living relative to the T-Rex? The chicken
65%
What is the name of the first man-made satellite launched into space in 1957? Sputnik 1
63%
What is it called when a bowler makes three strikes in a row? A turkey
54%
What is the name of the scale used to measure spiciness of peppers? Scoville scale
54%
What animal has the strongest bite of all land animals? A hippopotamus
53%
What year was the wreck of the Titanic discovered? 1985
50%
Which abstract artist was blamed for stealing the "Mona Lisa?" Pablo Picasso
44%
What are the first names of Marge's sisters in the Simpsons? Patty and Selma
22%
Which snack means Little golden thing in Spanish? Dorito
20%
Finish these lyrics: We're walking in the air / We're floating in the moonlit sky / The people far below are sleeping... As we fly
11%
No matching quizzes found
Score Distribution
Percent of People with Each Score
Percentile by Number Answered
Your Score History
You have not taken this quiz